[Event "Mondiale Lampo FIDE 2022"]
[Site "Alma Ata"]
[Date "29.12.2022"]
[Round "11.82"]
[White "Begmuratov, Khumoyun"]
[Black "Haldorsen, Benjamin"]
[Result "0-1"]
[WhiteTitle ""]
[BlackTitle ""]
[WhiteElo "2399"]
[BlackElo "2449"]
[WhiteFideId "14210207"]
[BlackFideId "1512633"]
[EventDate "29.12.2022"]

1. e4 c5 2. Nc3 Nc6 3. Bb5 Nd4 4. Nf3 a6 5. Bd3 Nc6 6. O-O d6 7. Be2 g6 8. d3
Bg7 9. Be3 Nf6 10. h3 O-O 11. Qd2 b5 12. Bh6 Nd4 13. Bxg7 Kxg7 14. Nxd4 cxd4 15.
Nd1 e5 16. f4 Bb7 17. c3 Qb6 18. Kh2 dxc3 19. bxc3 Rac8 20. Ne3 Rfe8 21. fxe5
dxe5 22. Rf2 Ng8 23. Raf1 Rc7 24. h4 Qc5 25. h5 f6 26. Ng4 Qxc3 27. Qe3 Qd4 28.
Qg3 Rf7 29. Qh4 g5 30. h6+ Kh8 31. Qg3 Ref8 32. Nxe5 Re7 33. Ng4 Bc8 34. Kh1
Bxg4 35. Qxg4 Nxh6 36. Qh3 Ng8 37. Bg4 Qe5 38. Bf5 Rg7 39. Rc2 b4 40. Rc6 a5 41.
Rfc1 a4 42. Rc8 Rxc8 43. Rxc8 b3 44. axb3 axb3 45. d4 Qb5 46. Rc1 b2 47. Rb1 Qc4
48. Qe3 Qc2 49. Qe1 g4 50. Qf1 Rg5 51. e5 Rxf5 52. Qe1 fxe5 53. dxe5 Rh5+ 54.
Kg1 Qc5+ 55. Qf2 Qc1+ 56. Qe1 Qxe1+ 57. Rxe1 Rxe5 58. Rb1 Rb5 59. Kf2 Nf6 0-1

[Event "Mondiale Lampo FIDE 2022"]
[Site "Alma Ata"]
[Date "29.12.2022"]
[Round "11.83"]
[White "Shishkov, Andrei"]
[Black "Kazakov, Konstantin"]
[Result "0-1"]
[WhiteTitle ""]
[BlackTitle ""]
[WhiteElo "2340"]
[BlackElo "2385"]
[WhiteFideId "4500563"]
[BlackFideId "13700898"]
[EventDate "29.12.2022"]

1. d4 f5 2. g3 Nf6 3. Bg2 g6 4. Nh3 d6 5. b3 Bg7 6. Bb2 O-O 7. c4 Qe8 8. d5 a5
9. Nc3 Na6 10. Nf4 Bd7 11. O-O Nc5 12. a3 c6 13. Qc2 g5 14. Nd3 Nce4 15. Rad1
Qh5 16. f3 Nxc3 17. Qxc3 cxd5 18. cxd5 Rfc8 19. Qd4 Rc2 20. Ba1 Rxe2 21. Rfe1
Rxe1+ 22. Rxe1 Qf7 23. f4 g4 24. Bb2 Bb5 25. a4 Ba6 26. Nf2 Rc8 27. Qd2 h5 28.
Nd1 h4 29. gxh4 Nh5 30. Bxg7 Qxg7 31. Qe3 Qf6 32. Qxe7 Qxe7 33. Rxe7 Rc1 34. Re1
Nxf4 35. Bf1 Bxf1 36. Rxf1 Nxd5 37. Kg2 Rxd1 0-1

[Event "Mondiale Lampo FIDE 2022"]
[Site "Alma Ata"]
[Date "29.12.2022"]
[Round "11.84"]
[White "Nissinen, Niilo Man"]
[Black "Postlmayer, Jakob"]
[Result "0-1"]
[WhiteTitle ""]
[BlackTitle ""]
[WhiteElo "1996"]
[BlackElo "2314"]
[WhiteFideId "30950767"]
[BlackFideId "1643622"]
[EventDate "29.12.2022"]

1. e4 c6 2. d4 d5 3. Nc3 dxe4 4. Nxe4 Nf6 5. Nxf6+ exf6 6. c3 Bd6 7. Bd3 O-O 8.
Qc2 Re8+ 9. Ne2 h5 10. O-O h4 11. h3 Nd7 12. c4 Nf8 13. Bd2 Be6 14. Bc3 Qd7 15.
Rad1 Rad8 16. Be4 Bxc4 17. Bf3 Be6 18. Rfe1 Bc7 19. Bd2 Bf5 20. Qb3 Ng6 21. Be3
Qd6 22. d5 Qh2+ 23. Kf1 Ne5 24. Bf4 Qh1+ 25. Ng1 Nxf3 26. Qxf3 Rxe1+ 27. Rxe1
Bxf4 28. Rd1 Bc2 29. Rd4 Be5 30. Rd2 Bg6 31. Qb3 cxd5 32. Rd1 d4 33. Ke2 d3+ 34.
Kf3 Bh5+ 0-1

[Event "Mondiale Lampo FIDE 2022"]
[Site "Alma Ata"]
[Date "29.12.2022"]
[Round "11.85"]
[White "Everett, Elijah"]
[Black "Elier, Ali"]
[Result "0-1"]
[WhiteElo "2202"]
[BlackElo "2165"]
[WhiteFideId "12973696"]
[BlackFideId "16217543"]
[EventDate "29.12.2022"]

1. e4 e5 2. Nf3 Nc6 3. Bb5 a6 4. Ba4 b5 5. Bb3 Na5 6. O-O d6 7. a4 Nxb3 8. cxb3
Bb7 9. d4 exd4 10. Nxd4 c5 11. Nf5 g6 12. Ng3 Bg7 13. Nc3 b4 14. Nd5 Bxd5 15.
Qxd5 Ne7 16. Qc4 Nc6 17. Rd1 O-O 18. Bf4 Bd4 19. Ne2 Qf6 20. Nxd4 Nxd4 21. Be3
Ne6 22. Rxd6 Qxb2 23. Rad1 a5 24. f4 Qc3 25. Qxc3 bxc3 26. Rc1 Rab8 27. Rxc3 Rb4
28. f5 Ng7 29. Bxc5 Rxe4 30. Rd1 Rfe8 31. fxg6 hxg6 32. h3 Nf5 33. g4 Nh4 34.
Rd2 Re1+ 35. Kf2 Rh1 36. Kg3 g5 37. Re3 Rc8 38. b4 axb4 39. Bxb4 f5 40. gxf5
Rcc1 41. Kg4 Rcg1+ 42. Kh5 Nxf5 43. Rd8+ Kf7 44. Rf3 Kg7 45. Rxf5 Rxh3# 0-1

[Event "Mondiale Lampo FIDE 2022"]
[Site "Alma Ata"]
[Date "29.12.2022"]
[Round "11.86"]
[White "Sapenov, Daniyal"]
[Black "Suleimen, Ergali"]
[Result "1-0"]
[WhiteTitle ""]
[WhiteElo "2323"]
[BlackElo "2073"]
[WhiteFideId "13728911"]
[BlackFideId "13724452"]
[EventDate "29.12.2022"]

1. Nf3 Nf6 2. c4 g6 3. Nc3 d5 4. cxd5 Nxd5 5. Qc2 Nb6 6. g3 Bg7 7. Bg2 O-O 8.
O-O Nc6 9. d3 e5 10. a3 Re8 11. Be3 Nd4 12. Bxd4 exd4 13. Ne4 c6 14. Rfe1 a5 15.
Nc5 Qe7 16. Rac1 Nd5 17. Nb3 Bh6 18. Rcd1 Bg4 19. Nbxd4 Bg7 20. Nb3 a4 21. Nc5
b5 22. h3 Bc8 23. d4 Be6 24. Nxe6 Qxe6 25. e3 Nb6 26. Rc1 Rac8 27. Nd2 Re7 28.
h4 Rec7 29. Ne4 Nc4 30. Nc5 Qe7 31. Bf1 Nd6 32. Qd1 f5 33. b3 axb3 34. Qxb3+ Qf7
35. Qb4 Bf8 36. a4 Rb8 37. Na6 Ne4 38. Qb2 Rbb7 39. Nxc7 Rxc7 40. axb5 cxb5 41.
Qxb5 Bd6 42. Bc4 Rxc4 43. Qxc4 1-0

[Event "Mondiale Lampo FIDE 2022"]
[Site "Alma Ata"]
[Date "29.12.2022"]
[Round "11.87"]
[White "Akhilbay, Imangali"]
[Black "Amangeldy, Ernur"]
[Result "1/2-1/2"]
[WhiteElo "2140"]
[BlackElo "2097"]
[WhiteFideId "13734857"]
[BlackFideId "13720244"]
[EventDate "29.12.2022"]

1. e4 e5 2. Nf3 Nc6 3. Bb5 Nf6 4. O-O Nxe4 5. d4 Nd6 6. dxe5 Nxb5 7. a4 Nbd4 8.
Nxd4 Nxd4 9. Qxd4 d6 10. exd6 Qxd6 11. Qe4+ Qe6 12. Qd4 Qd6 13. Qe4+ Be7 14. Bf4
Qe6 15. Qxe6 Bxe6 16. Nc3 c6 17. Ne4 O-O 18. Nd6 Bxd6 19. Bxd6 Rfd8 20. Bf4 f6
21. Rad1 Kf7 22. f3 h5 23. Kf2 Rd5 24. Rxd5 Bxd5 25. Re1 Rd8 26. b3 Be6 27. Be3
a6 28. Ke2 h4 29. Rd1 Rd5 30. Rxd5 Bxd5 31. a5 Be6 32. g3 hxg3 33. hxg3 Bf5 34.
c3 Bc2 35. b4 Ke6 36. Kd2 Bb3 37. Kd3 Kd5 38. Bd4 Bc4+ 39. Ke3 Ke6 40. Kf4 Be2
41. Ke3 Bd1 42. g4 Ba4 43. Kf4 Bd1 44. Ke3 Ba4 45. Kf4 g6 46. g5 f5 1/2-1/2

[Event "Mondiale Lampo FIDE 2022"]
[Site "Alma Ata"]
[Date "29.12.2022"]
[Round "12.1"]
[White "Artemiev, Vladislav"]
[Black "Carlsen, Magnus"]
[Result "1/2-1/2"]
[WhiteTitle ""]
[BlackTitle ""]
[WhiteElo "2701"]
[BlackElo "2859"]
[WhiteFideId "24101605"]
[BlackFideId "1503014"]
[EventDate "29.12.2022"]

1. d4 Nf6 2. c4 e6 3. Nc3 Bb4 4. Qc2 d5 5. a3 Bxc3+ 6. Qxc3 Ne4 7. Qc2 c5 8.
dxc5 Nc6 9. Nf3 Qa5+ 10. Bd2 Qxc5 11. e3 Nxd2 12. Nxd2 O-O 13. Bd3 h6 14. cxd5
Qxd5 15. Bh7+ Kh8 16. Be4 Qb5 17. Bd3 Qd5 18. Be4 Qb5 19. Bd3 Qd5 20. Be4 1/2-1/2

[Event "Mondiale Lampo FIDE 2022"]
[Site "Alma Ata"]
[Date "29.12.2022"]
[Round "12.4"]
[White "Duda, Jan-Krzysztof"]
[Black "Giri, Anish"]
[Result "0-1"]
[WhiteTitle ""]
[BlackTitle ""]
[WhiteElo "2729"]
[BlackElo "2764"]
[WhiteFideId "1170546"]
[BlackFideId "24116068"]
[EventDate "29.12.2022"]

1. c4 Nf6 2. Nc3 e5 3. Nf3 Nc6 4. e3 Bb4 5. Nd5 e4 6. Ng1 O-O 7. Nxb4 Nxb4 8. a3
Nc6 9. b4 a5 10. b5 Ne5 11. Bb2 Re8 12. f4 exf3 13. Nxf3 d6 14. Be2 Nxf3+ 15.
Bxf3 Ng4 16. O-O Qh4 17. h3 Ne5 18. Bd5 c6 19. Rf4 Qe7 20. bxc6 bxc6 21. Bxe5
cxd5 22. Bc3 dxc4 23. Qh5 f6 24. Raf1 Be6 25. Rxf6 gxf6 26. Rxf6 Bf7 27. Qg4+
Bg6 28. Qxc4+ Bf7 29. Qg4+ Bg6 30. h4 Qe4 31. Qg5 Rac8 32. Bd4 Rc1+ 33. Kh2 Qb1
34. Qh6 Rh1+ 35. Kg3 Qb7 36. Rf4 Qe7 37. Rg4 d5 38. h5 Qc7+ 39. Kf2 Rf8+ 40. Rf4
Rxf4+ 41. Qxf4 Qxf4+ 42. exf4 Bxh5 43. a4 Bg4 44. Bc3 Rc1 45. Ke3 Rg1 46. Bxa5
Ra1 47. Bc7 Rxa4 48. Be5 Kf7 0-1

[Event "Mondiale Lampo FIDE 2022"]
[Site "Alma Ata"]
[Date "29.12.2022"]
[Round "12.6"]
[White "Rapport, Richard"]
[Black "Mamedyarov, Shakhriyar"]
[Result "1-0"]
[WhiteTitle ""]
[BlackTitle ""]
[WhiteElo "2740"]
[BlackElo "2740"]
[WhiteFideId "738590"]
[BlackFideId "13401319"]
[EventDate "29.12.2022"]

1. e4 e5 2. Bc4 Nf6 3. d3 Nc6 4. Nc3 Bc5 5. h3 Na5 6. Qf3 Nxc4 7. dxc4 d6 8.
Nge2 Be6 9. b3 c6 10. Bg5 h6 11. Bxf6 Qxf6 12. Qxf6 gxf6 13. f4 f5 14. Rf1 Rg8
15. fxe5 fxe4 16. Nxe4 Rxg2 17. exd6 Ba3 18. Nf4 Rxc2 19. Nf6+ Kf8 20. Nxe6+
fxe6 21. Ne4+ Kg7 22. Rf2 Rxf2 23. Kxf2 b6 24. Ke3 Rd8 25. Rg1+ Kf7 26. Rf1+ Kg7
27. Rd1 e5 28. Rg1+ Kh7 29. Rd1 Kg6 30. Rg1+ Kh5 31. Rg4 Bc1+ 32. Ke2 Bg5 33.
Ng3+ Kg6 34. h4 1-0

[Event "Mondiale Lampo FIDE 2022"]
[Site "Alma Ata"]
[Date "29.12.2022"]
[Round "12.7"]
[White "Moussard, Jules"]
[Black "Caruana, Fabiano"]
[Result "1-0"]
[WhiteTitle ""]
[BlackTitle ""]
[WhiteElo "2684"]
[BlackElo "2766"]
[WhiteFideId "642908"]
[BlackFideId "2020009"]
[EventDate "29.12.2022"]

1. e4 c5 2. Nf3 Nc6 3. Bb5 g6 4. Bxc6 dxc6 5. d3 Bg7 6. O-O e5 7. a4 Qe7 8. a5
Nf6 9. h3 O-O 10. Be3 h6 11. Nc3 Rb8 12. Nd2 Be6 13. f4 exf4 14. Bxf4 Rbd8 15.
Qe2 Nh5 16. Bh2 Rfe8 17. Kh1 Qg5 18. g4 Bxc3 19. bxc3 Ng7 20. Nf3 Qe7 21. Qe3 g5
22. c4 b5 23. axb6 axb6 24. Rab1 b5 25. cxb5 cxb5 26. Rxb5 c4 27. d4 Bd5 28. Ne5
Ba8 29. d5 Rf8 30. Rb6 f6 31. Ng6 Qe8 32. Nxf8 Bxd5 33. Rbxf6 Bxe4+ 34. Kg1 c3
35. Ne6 1-0

[Event "Mondiale Lampo FIDE 2022"]
[Site "Alma Ata"]
[Date "29.12.2022"]
[Round "12.8"]
[White "Shimanov, Aleksandr"]
[Black "Yu, Yangyi"]
[Result "1-0"]
[WhiteTitle ""]
[BlackTitle ""]
[WhiteElo "2581"]
[BlackElo "2728"]
[WhiteFideId "4198603"]
[BlackFideId "8603820"]
[EventDate "29.12.2022"]

1. e4 c5 2. Nf3 Nc6 3. Nc3 g6 4. d4 cxd4 5. Nxd4 Bg7 6. Nxc6 bxc6 7. Bc4 h5 8.
O-O Nf6 9. h3 O-O 10. e5 Ne8 11. Bf4 d5 12. exd6 Nxd6 13. Bb3 a5 14. Na4 Ba6 15.
Re1 Nf5 16. Qxd8 Rfxd8 17. Bc7 Re8 18. Be5 Bb5 19. Rad1 Rad8 20. Rxd8 Rxd8 21.
Bxg7 Bxa4 22. Bc3 Bxb3 23. cxb3 h4 24. Bxa5 Ra8 25. b4 f6 26. a3 Kf7 27. Bb6 e5
28. Rc1 Ne7 29. Kf1 Rb8 30. Ba7 Rb7 31. Be3 g5 32. Ke2 Ke6 33. Kd3 Kd7 34. Kc4
Nd5 35. Bd2 Nb6+ 36. Kb3 Nd5 37. a4 Kd6 38. a5 Nc7 39. Kc4 Rb5 40. Bc3 Rd5 41.
Ra1 Na6 42. Rg1 Nc7 43. g3 hxg3 44. fxg3 Nb5 45. h4 Ke6 46. hxg5 fxg5 47. a6
Nd6+ 48. Kb3 Nb5 49. Ra1 Rd7 50. Kc4 Rd5 51. a7 Nxa7 52. Rxa7 e4 53. Ra1 Rd3 54.
Re1 Kf5 55. Kc5 Rxg3 56. Kxc6 Rh3 57. b5 Rh6+ 58. Kc5 g4 59. b6 Rh7 60. Kc6 Rh6+
61. Kb5 Rh7 62. Ka6 Rh6 63. Ka7 g3 64. b7 1-0

[Event "Mondiale Lampo FIDE 2022"]
[Site "Alma Ata"]
[Date "29.12.2022"]
[Round "12.9"]
[White "Nepomniachtchi, Ian"]
[Black "Mamedov, Rauf"]
[Result "1-0"]
[WhiteTitle ""]
[BlackTitle ""]
[WhiteElo "2793"]
[BlackElo "2646"]
[WhiteFideId "4168119"]
[BlackFideId "13401653"]
[EventDate "29.12.2022"]

1. e4 c5 2. Nf3 Nc6 3. Bb5 g6 4. O-O Bg7 5. Nc3 e5 6. Bc4 d6 7. d3 h6 8. a3 Nge7
9. b4 O-O 10. bxc5 dxc5 11. a4 Kh7 12. Nd5 Be6 13. Nxe7 Qxe7 14. Nd2 Rad8 15.
Bb2 Na5 16. Bxe6 Qxe6 17. Bc3 Nc6 18. a5 Rb8 19. Qb1 Rfc8 20. Qa2 Qxa2 21. Rxa2
b5 22. axb6 axb6 23. Rb1 b5 24. Nf1 Nd4 25. Bxd4 cxd4 26. Nd2 h5 27. Kf1 Bh6 28.
Nf3 f6 29. Ke2 Rb7 30. Kd1 Kg8 31. Ra5 Rbc7 32. Ne1 Bf8 33. Rbxb5 Kf7 34. g3 Be7
35. f4 exf4 36. gxf4 Bd6 37. e5 fxe5 38. fxe5 Be7 39. Ra4 Bc5 40. Nf3 Ke6 41.
Ke2 Kf5 42. Ra6 g5 43. h3 Kf4 44. Kf2 Be7 45. Nxd4 Rxc2+ 46. Nxc2 Rxc2+ 47. Ke1
g4 48. hxg4 hxg4 49. Ra4+ Kf3 50. Kd1 Rc3 51. Kd2 Rc8 52. e6 Rf8 53. Ra7 Bd6 54.
Rf7+ 1-0

[Event "Mondiale Lampo FIDE 2022"]
[Site "Alma Ata"]
[Date "29.12.2022"]
[Round "12.10"]
[White "Sanal, Vahap"]
[Black "Sadhwani, Raunak"]
[Result "0-1"]
[WhiteTitle ""]
[BlackTitle ""]
[WhiteElo "2597"]
[BlackElo "2627"]
[WhiteFideId "6300545"]
[BlackFideId "35093487"]
[EventDate "29.12.2022"]

1. e4 e5 2. Nf3 Nc6 3. Bc4 Nf6 4. d3 Bc5 5. a4 d6 6. a5 a6 7. c3 O-O 8. b4 Ba7
9. Bg5 h6 10. Bh4 g5 11. Bg3 Ne7 12. Nbd2 Kg7 13. Nf1 Be6 14. Ne3 Bxe3 15. Bxe6
Bxf2+ 16. Bxf2 fxe6 17. O-O Ng6 18. Be3 Qe7 19. Qc2 Rf7 20. Nd2 Raf8 21. h3 Nh5
22. Rxf7+ Rxf7 23. Qd1 Nhf4 24. Nf1 Nh4 25. Ra2 Kh7 26. Kh2 Nfg6 27. Nd2 Qf8 28.
Ra1 d5 29. Qg4 d4 30. cxd4 exd4 31. Bxd4 Qxb4 32. Nc4 Nf4 33. Ra2 Nxd3 34. Qxe6
Qe7 35. Qd5 c6 36. Qd6 Qxe4 37. Rd2 Nf5 38. Qd8 Nxd4 39. Rxd3 Qxd3 40. Ne5 Nf3+ 0-1

[Event "Mondiale Lampo FIDE 2022"]
[Site "Alma Ata"]
[Date "29.12.2022"]
[Round "12.11"]
[White "Yoo, Christopher Woojin"]
[Black "Harikrishna, Pentala"]
[Result "1/2-1/2"]
[WhiteTitle ""]
[BlackTitle ""]
[WhiteElo "2575"]
[BlackElo "2705"]
[WhiteFideId "30909694"]
[BlackFideId "5007003"]
[EventDate "29.12.2022"]

1. e4 c5 2. Nf3 e6 3. c3 Nf6 4. e5 Nd5 5. d4 cxd4 6. cxd4 d6 7. Bc4 Be7 8. O-O
O-O 9. Qe2 a6 10. Rd1 b5 11. Bxd5 exd5 12. Nc3 Be6 13. Bf4 Nc6 14. Rac1 Rc8 15.
Qe3 Re8 16. h3 h6 17. Ne2 Bf8 18. Ng3 dxe5 19. dxe5 d4 20. Nxd4 Nxd4 21. Rxc8
Qxc8 22. Qxd4 Bxa2 23. Ne4 Qe6 24. Nd6 Re7 25. Ra1 Rd7 26. Qb6 f6 27. Qxa6 fxe5
28. Qxa2 Qxa2 29. Rxa2 exf4 30. Ne4 Rd1+ 31. Kh2 b4 32. b3 Rd3 33. Rb2 Kf7 34.
Kg1 Rd1+ 35. Kh2 Rd3 36. Kg1 g5 37. Kf1 f3 38. gxf3 Rxf3 39. Kg2 Rd3 40. Nd2 Bg7
41. Ra2 Bd4 42. Nf3 Bf6 43. Nd2 h5 44. Ne4 Be7 45. Ra5 Rxb3 46. Nxg5+ Bxg5 47.
Rxg5 Rc3 48. Rxh5 b3 49. Rb5 Kg6 50. h4 Kh6 51. f3 Rc2+ 52. Kg3 Rb2 53. Rb6+ Kh5
54. Rb5+ Kh6 55. Kg4 Rg2+ 56. Kh3 Rb2 57. Kg3 Rb1 58. Kf4 b2 59. h5 Rh1 60. Rxb2
Rxh5 61. Rg2 Ra5 62. Rg4 Ra4+ 63. Kf5 Ra5+ 64. Kf6 Ra6+ 65. Ke5 Ra5+ 66. Ke6
Ra6+ 67. Kd5 Ra5+ 68. Kd6 Ra6+ 69. Ke7 Ra7+ 70. Ke8 Ra8+ 71. Kf7 Ra7+ 72. Kf6
Ra6+ 73. Ke5 Ra5+ 74. Kd6 Rf5 75. Rg3 Kh5 76. Ke6 Rf8 77. Ke5 Kh4 78. Rg4+ Kh5
79. Ke4 Re8+ 80. Kf4 Rf8+ 81. Kg3 Rf5 82. f4 Ra5 83. Rg8 Ra3+ 84. Kf2 Kh6 85.
Ke2 Rb3 86. Rg5 Ra3 87. Rg1 Rb3 88. Kf2 Ra3 89. Rg4 Rb3 90. Ke2 Ra3 91. Rg5 Rb3
92. Kf2 Ra3 93. Rg8 Rb3 94. Ke2 Ra3 95. Rg4 Rb3 96. Rg2 Rb2+ 97. Kf3 Rxg2 98.
Kxg2 Kg6 99. f5+ Kxf5 1/2-1/2

[Event "Mondiale Lampo FIDE 2022"]
[Site "Alma Ata"]
[Date "29.12.2022"]
[Round "12.12"]
[White "Nihal, Sarin"]
[Black "Quparadze, Giga"]
[Result "1-0"]
[WhiteTitle ""]
[BlackTitle ""]
[WhiteElo "2670"]
[BlackElo "2470"]
[WhiteFideId "25092340"]
[BlackFideId "13602250"]
[EventDate "29.12.2022"]

1. d4 Nf6 2. Nf3 e6 3. Bf4 b6 4. e3 Bb7 5. Nbd2 c5 6. Nc4 cxd4 7. Qxd4 Bxf3 8.
gxf3 Nc6 9. Nd6+ Bxd6 10. Qxd6 Nh5 11. O-O-O Nxf4 12. Qxf4 Qf6 13. Qd6 Qe7 14.
Bb5 Rc8 15. Qg3 O-O 16. Qd6 Qf6 17. f4 Nb8 18. Kb1 Rc5 19. Bd3 Rd5 20. Bxh7+
Kxh7 21. Rxd5 exd5 22. Qxf8 Nc6 23. Qa3 d4 24. Qd3+ Kg8 25. h4 Qe6 26. a3 Qg4
27. Qe4 Qe2 28. Qe8+ Kh7 29. Qxf7 Qxf2 30. Qxd7 Qg2 31. Qh3 Qe4 32. exd4 1-0

[Event "Mondiale Lampo FIDE 2022"]
[Site "Alma Ata"]
[Date "29.12.2022"]
[Round "12.13"]
[White "Pantsulaia, Levan"]
[Black "Andreikin, Dmitry"]
[Result "0-1"]
[WhiteTitle ""]
[BlackTitle ""]
[WhiteElo "2597"]
[BlackElo "2729"]
[WhiteFideId "13602071"]
[BlackFideId "4158814"]
[EventDate "29.12.2022"]

1. Nf3 d5 2. c4 c6 3. g3 g6 4. Bg2 Bg7 5. O-O Nf6 6. b3 Ne4 7. d4 O-O 8. Bb2 Bf5
9. Nfd2 Nf6 10. Nc3 Na6 11. a3 Be6 12. e4 dxc4 13. Nxc4 Bxc4 14. bxc4 Qb6 15.
Na4 Qa5 16. Bc3 Qc7 17. e5 Nd7 18. f4 e6 19. Nb2 Rad8 20. Qe2 Nb6 21. Rfd1 Rd7
22. a4 Rfd8 23. a5 Nc8 24. c5 Ne7 25. Nc4 Nd5 26. Be1 Qb8 27. Rab1 Nac7 28. Nd6
Nb5 29. Nxb5 cxb5 30. Rxb5 Qc8 31. Rdb1 Bf8 32. Qb2 Ne3 33. Bxb7 Qc7 34. Bf2 Ng4
35. c6 Rd5 36. Rxd5 Rxd5 37. Be1 Ne3 38. Qc3 Nf5 39. Bf2 Rxa5 40. Ra1 Bb4 41.
Qb2 Rxa1+ 42. Qxa1 a5 43. Qa4 Qb6 44. Kg2 Kg7 45. Qc2 Qc7 46. Qc4 Ne7 47. Qa6
Nd5 48. Qc4 a4 49. Ba6 a3 50. Qb3 Qxc6 51. Bd3 0-1

[Event "Mondiale Lampo FIDE 2022"]
[Site "Alma Ata"]
[Date "29.12.2022"]
[Round "12.14"]
[White "Anton Guijarro, David"]
[Black "Vidit, Santosh Gujrathi"]
[Result "1-0"]
[WhiteTitle ""]
[BlackTitle ""]
[WhiteElo "2675"]
[BlackElo "2730"]
[WhiteFideId "2285525"]
[BlackFideId "5029465"]
[EventDate "29.12.2022"]

1. Nf3 d5 2. c4 e6 3. g3 Nf6 4. Bg2 Be7 5. O-O O-O 6. b3 c5 7. cxd5 Nxd5 8. Bb2
b6 9. d4 cxd4 10. Nxd4 Bb7 11. e4 Nb4 12. Qg4 g6 13. Rd1 Qe8 14. Nc3 h5 15. Qf4
N8c6 16. Nxc6 Bxc6 17. a3 Na6 18. b4 f6 19. Qh6 Nc7 20. Rac1 Rc8 21. Ne2 Ba4 22.
Nf4 Rf7 23. Qxg6+ Rg7 24. Qxe8+ Rxe8 25. Rd2 Bd8 26. Nxh5 Rf7 27. f4 Nb5 28. Bf1
Be7 29. g4 Nd6 30. Bg2 b5 31. Nxf6+ Bxf6 32. Bxf6 Nc4 33. Bc3 Nxd2 34. Bxd2 Rd7
35. Be3 Rd3 36. Bxa7 Rxa3 37. Bc5 Rd8 38. f5 Bb3 39. g5 Ra2 40. Bh3 Rd3 41. Bf1
Rdd2 42. Re1 Rxh2 43. Re3 Rh4 44. Rxb3 Rg4+ 45. Kh1 Rh4+ 46. Rh3 Rf4 47. Bg2 Rg4
48. Rh2 Ra1+ 49. Bg1 exf5 50. exf5 Rxg5 51. Bd5+ Kg7 52. Rg2 Kf6 53. Rxg5 Kxg5
54. Be6 Rb1 55. Kg2 Rxb4 56. Bc5 Re4 57. Be7+ Kh6 58. Kf3 Re1 59. Bd6 Kg7 60.
Be7 Kh6 61. Kf4 Rf1+ 62. Ke5 Re1+ 1-0

[Event "Mondiale Lampo FIDE 2022"]
[Site "Alma Ata"]
[Date "29.12.2022"]
[Round "12.16"]
[White "Madaminov, Mukhiddin"]
[Black "Bluebaum, Matthias"]
[Result "1-0"]
[WhiteTitle ""]
[BlackTitle ""]
[WhiteElo "2438"]
[BlackElo "2657"]
[WhiteFideId "14210703"]
[BlackFideId "24651516"]
[EventDate "29.12.2022"]

1. d4 d5 2. Nc3 Nf6 3. Bf4 c5 4. e4 Nxe4 5. Nxe4 dxe4 6. dxc5 Qa5+ 7. c3 Qxc5 8.
Qa4+ Nc6 9. Qxe4 g6 10. Nf3 Bg7 11. Qe3 Qxe3+ 12. Bxe3 O-O 13. O-O-O Bg4 14. h3
Be6 15. Kb1 Rfd8 16. Be2 b6 17. Rxd8+ Rxd8 18. Rd1 Rxd1+ 19. Bxd1 Bd5 20. g3 Kf8
21. Nd2 f5 22. Kc2 e5 23. a4 Ke7 24. b4 Kd7 25. Be2 Bf6 26. Nc4 g5 27. b5 Nd8
28. f3 f4 29. Bf2 Nb7 30. Nd2 Nd6 31. Bd3 Bxf3 32. Nxf3 e4 33. Be2 exf3 34. Bxf3
Nc4 35. gxf4 gxf4 36. Be2 Ne3+ 37. Kd3 Kd6 38. Ke4 Nd5 39. c4 Nc3+ 40. Kf3 Be5
41. Bd3 h6 42. Bc2 Na2 43. h4 Nc3 44. h5 Na2 45. a5 Kc7 46. axb6+ axb6 47. Ke4
Bd6 48. Kf5 Nc3 49. Kg6 Bf8 50. Kf5 Bd6 51. Ke6 Bc5 52. Bxc5 bxc5 53. Kf5 f3 54.
Bd3 Ne2 55. Ke4 Ng3+ 56. Kxf3 Nxh5 57. Kg4 Nf6+ 58. Kf5 Nd7 59. Be2 Kd6 60. Kg6
Nb6 61. Kxh6 Nd7 62. Kg5 Nb6 63. Kf4 Nd7 64. Kf5 Nb6 65. Kf6 Nd7+ 66. Kf7 Nb6
67. Ke8 Kc7 68. Ke7 Na4 69. Ke6 Kb6 70. Kd6 Nc3 71. Bf3 Na4 72. Bd1 Nc3 73. Bf3
Na4 74. Ke5 Nc3 75. Kf4 Na4 76. Bd1 Nb2 77. Bb3 Nd3+ 78. Ke4 Nf2+ 79. Ke3 Ng4+
80. Kf4 Nf6 81. Kf5 Ne8 82. Ke5 Nc7 83. Ba4 Ne8 84. Bd1 Nc7 85. Be2 Ne8 86. Bg4
Kc7 87. Bh5 Nd6 88. b6+ Kc6 89. Bf3+ Kd7 90. Kd5 Nf7 91. Bg4+ Kd8 92. Kxc5 Ne5
93. Be6 Ke7 94. Bh3 Kd8 95. Kd5 Nd3 96. c5 Nf4+ 97. Kd6 Nxh3 98. b7 1-0

[Event "Mondiale Lampo FIDE 2022"]
[Site "Alma Ata"]
[Date "29.12.2022"]
[Round "12.17"]
[White "Riazantsev, Alexander"]
[Black "Vakhidov, Jakhongir"]
[Result "1/2-1/2"]
[WhiteTitle ""]
[BlackTitle ""]
[WhiteElo "2626"]
[BlackElo "2607"]
[WhiteFideId "4125029"]
[BlackFideId "14201801"]
[EventDate "29.12.2022"]

1. d4 Nf6 2. c4 g6 3. Nc3 d5 4. cxd5 Nxd5 5. e4 Nxc3 6. bxc3 Bg7 7. Nf3 c5 8.
Bb5+ Nc6 9. O-O O-O 10. Bxc6 bxc6 11. Qc2 cxd4 12. cxd4 Bg4 13. Ne5 Qxd4 14. Bb2
Qb6 15. Rab1 1/2-1/2

[Event "Mondiale Lampo FIDE 2022"]
[Site "Alma Ata"]
[Date "29.12.2022"]
[Round "12.18"]
[White "Vachier-Lagrave, Maxime"]
[Black "Tsydypov, Zhamsaran"]
[Result "0-1"]
[WhiteTitle ""]
[BlackTitle ""]
[WhiteElo "2737"]
[BlackElo "2534"]
[WhiteFideId "623539"]
[BlackFideId "4108566"]
[EventDate "29.12.2022"]

1. d4 Nf6 2. c4 g6 3. Nc3 Bg7 4. g3 O-O 5. Bg2 d6 6. Nf3 Nbd7 7. O-O e5 8. Qc2
c6 9. Rd1 Re8 10. e4 exd4 11. Nxd4 Nc5 12. Nb3 Nxb3 13. axb3 Qe7 14. Bf4 Rd8 15.
h3 Ne8 16. Rd2 Be6 17. Rad1 a6 18. Ne2 Rac8 19. Be3 c5 20. Nf4 b5 21. Ra1 bxc4
22. bxc4 Rb8 23. Ra2 Nc7 24. b3 Rb6 25. Qd1 Rdb8 26. Rd3 Be5 27. h4 Kg7 28. Kh2
h5 29. Bf3 Bd7 30. Kg2 Bc6 31. Bd2 Ne6 32. Nxe6+ Qxe6 33. Ba5 R6b7 34. Re2 Kh7
35. Ree3 Kg8 36. Qc2 Bd4 37. Re2 Qf6 38. Bd2 Qe6 39. Bf4 a5 40. Qd1 a4 41. bxa4
Qxc4 42. Bxd6 Bxa4 43. Qd2 Rb2 44. Rxd4 cxd4 45. Qf4 Rxe2 46. Bxb8 Re1 47. Kh2
Qf1 48. Qd6 Qxf2+ 49. Bg2 Re2 0-1

[Event "Mondiale Lampo FIDE 2022"]
[Site "Alma Ata"]
[Date "29.12.2022"]
[Round "12.19"]
[White "Grischuk, Alexander"]
[Black "Durarbayli, Vasif"]
[Result "1/2-1/2"]
[WhiteTitle ""]
[BlackTitle ""]
[WhiteElo "2745"]
[BlackElo "2612"]
[WhiteFideId "4126025"]
[BlackFideId "13402935"]
[EventDate "29.12.2022"]

1. Nf3 d5 2. g3 c6 3. Bg2 Bg4 4. h3 Bxf3 5. Bxf3 Nd7 6. O-O e5 7. d4 e4 8. Bg2
Bd6 9. c4 Ne7 10. Nc3 O-O 11. Qb3 Qb6 12. Qa4 Qb4 13. Qxb4 Bxb4 14. Bf4 Nb6 15.
cxd5 cxd5 16. Rfc1 Nc6 17. e3 Rac8 18. h4 f5 19. a3 Bxc3 20. Rxc3 Kf7 21. Rac1
Ke6 22. Bf1 Ne7 23. Bc7 Na4 24. R3c2 Nb6 25. b3 g6 26. a4 Na8 27. Bf4 a6 28. Be2
Rxc2 29. Rxc2 Kd7 30. Kf1 Rc8 31. Rxc8 Nxc8 32. g4 Nc7 33. gxf5 gxf5 34. Kg2 Ne7
35. Kg3 Ne6 36. f3 Ng6 37. Bh6 f4+ 38. Kg4 fxe3 39. Bxe3 exf3 40. Bxf3 Kd6 41.
h5 Ne7 42. Be2 Nc6 43. Bd3 Ncxd4 44. Bxh7 Nxb3 45. h6 d4 46. Bf2 Nbc5 47. Bf5
Nf8 48. Bxd4 Nxa4 49. Bg7 Ke7 50. Kg5 Nc5 51. h7 Nxh7+ 52. Bxh7 Ne6+ 1/2-1/2